Účtovníctvo : Zbierka príkladov z účtovníctva podnikov služieb a cestovného ruchu /
Salvato in:
| Autori principali: | , |
|---|---|
| Natura: | Libro |
| Lingua: | slovacco |
| Pubblicazione: |
Bratislava :
Vysoká škola ekonomická, Bratislava,
1990
|
| Edizione: | 1.vyd. |
| Soggetti: | |
| Tags: |
Nessun Tag, puoi essere il primo ad aggiungerne!!
|
MARC
| LEADER | 00000nam a22000003a 4500 | ||
|---|---|---|---|
| 001 | stu34609 | ||
| 005 | 20150617225730.1 | ||
| 008 | 920323s1990----cs------------------slo-d | ||
| 040 | |a STU |b slo | ||
| 041 | 0 | |a slo | |
| 044 | |a cs | ||
| 080 | |a 657(075.8) | ||
| 100 | 1 | |a Baštincová, Anna |4 aut | |
| 245 | 1 | |a Účtovníctvo : |b Zbierka príkladov z účtovníctva podnikov služieb a cestovného ruchu / |c [aut.]Anna Baštincová, Zuzana Šuranová | |
| 250 | |a 1.vyd. | ||
| 260 | |a Bratislava : |b Vysoká škola ekonomická, Bratislava, |c 1990 | ||
| 300 | |a 147 s | ||
| 650 | 7 | |a účtovníctvo |2 stusub | |
| 700 | 1 | |a Šuranová, Zuzana |4 aut | |
| 996 | |b 284M008548 |c M*S-609-1 |l MMKN |s A |a 24 |w stu34609_0001 | ||